| 000 | 00820nam a2200193Ia 4500 | ||
|---|---|---|---|
| 008 | 191128s9999 xx 000 0 und d | ||
| 082 | _aH | ||
| 082 | _b PASp | ||
| 245 | 0 | _aPaso a paso : construimos paz/ | |
| 260 | _a[Bogotá] | ||
| 260 | _bAgencia Colombiana para la reintegración, | ||
| 260 | _c2014?] | ||
| 300 | _a[29] páginas sin numerar | ||
| 300 | _b ilustraciones a color | ||
| 300 | _c 25 cm | ||
| 520 | _aEsta es la historia de una mujer que ingresó a la guerrilla buscando vengar la muerte de su padre. La historia de una mujer que fue capaz de abandonar el monte para reconstruir una vida en sociedad. Esta es la historia de una mujer que paso a paso. | ||
| 546 | _aspa | ||
| 650 | _aTiras comicas, historietas, etc. Novela colombiana -- Siglo XX Novela gráfica Paz -- Colombia -- Novela-- | ||
| 999 |
_c4813 _d4813 |
||